| 000 | 00675nam a2200229Ia 4500 | ||
|---|---|---|---|
| 003 | GCL | ||
| 008 | 140319s9999 xx 000 0 ara d | ||
| 040 |
_aGCL / _cGCL |
||
| 082 | 0 | 4 |
_a301.417 _bف ب |
| 100 | 1 | _aفوزية الدريع | |
| 245 | 1 | 0 |
_aبرود النساء: دراسة / _cفوزية الدريع |
| 260 |
_a[S.N] : _bهانى للنشر ، _c1990 |
||
| 300 | _a7759 ص | ||
| 490 | _a | ||
| 650 | 0 | 4 | _aالجنس |
| 650 | 0 | 4 | _aالعلاقات الاسرية |
| 650 | 0 | 4 | _aالبرود الجنسى |
| 650 | 0 | 4 | _aالتحليل الجنسى |
| 650 | 0 | 4 | _aالتربية الجنسية |
| 650 | 0 | 4 | _aالاضطراب الجنسى |
| 942 |
_2ddc _cBK |
||
| 999 |
_c55857 _d55857 |
||